书目信息 |
| 题名: |
电工技术
|
|
| 作者: | 刘建林 主编 | |
| 分册: | ||
| 出版信息: | 哈尔滨 哈尔滨工程大学出版社 2021.8 |
|
| 页数: | 234页 | |
| 开本: | 26cm | |
| 丛书名: | ||
| 单 册: | ||
| 中图分类: | TM | |
| 科图分类: | ||
| 主题词: | 电工技术--教材 | |
| 电子资源: | ||
| ISBN: | 978-7-5661-2059-5 | |
| 000 | 00900nam0 2200241 45 | |
| 001 | 012001002818 | |
| 005 | 20211020085830.17 | |
| 010 | @a978-7-5661-2059-5@dCNY48.00 | |
| 100 | @a20190107d2018 em y0chiy50 ea | |
| 101 | 0 | @achi |
| 102 | @aCN@b230000 | |
| 105 | @aak z 000yy | |
| 106 | @ar | |
| 200 | 1 | @a电工技术@Adian gong ji shu@b专著@f刘建林主编 |
| 210 | @a哈尔滨@c哈尔滨工程大学出版社@d2021.8 | |
| 215 | @a234页@c图@d26cm | |
| 300 | @a机电专业“十三五”规划教材 | |
| 330 | @a本书采用校企合作方式编写,在结构体系上,从电工基础理论知出发,详细介绍企业实际使用的电工仪表、工器具的操作、元器件和材料选型使用、变压器选型使用、安全用电和配电设计、电动机控制与设备节能等方面的知识,使学生既能掌握到实用的电工技能,同时具备一定的理论功底。 | |
| 606 | 0 | @a电工技术@j教材 |
| 690 | @aTM@v5 | |
| 701 | 0 | @a刘建林@Aliu jian lin@4主编 |
| 801 | 2 | @aCN@bBJSDL@c20211018 |
| 905 | @b1350454-7@dTM@e113@f4 | |
| 电工技术/刘建林主编.-哈尔滨:哈尔滨工程大学出版社,2021.8 |
| 234页:图;26cm |
| 机电专业“十三五”规划教材 |
| ISBN 978-7-5661-2059-5:CNY48.00 |
| 本书采用校企合作方式编写,在结构体系上,从电工基础理论知出发,详细介绍企业实际使用的电工仪表、工器具的操作、元器件和材料选型使用、变压器选型使用、安全用电和配电设计、电动机控制与设备节能等方面的知识,使学生既能掌握到实用的电工技能,同时具备一定的理论功底。 |
| ● |
| 相关链接 |
|
|
|
|
正题名:电工技术
索取号:TM/113
 
预约/预借
| 序号 | 登录号 | 条形码 | 馆藏地/架位号 | 状态 | 备注 |
| 1 | 1350454 | 213504545 | 第二样本阅览室/ [索取号:TM/113] | 在馆 | |
| 2 | 1350455 | 213504554 | 第三借阅区/ [索取号:TM/113] | 在馆 | |
| 3 | 1350456 | 213504563 | 第三借阅区/ [索取号:TM/113] | 在馆 | |
| 4 | 1350457 | 213504572 | 第三借阅区/ [索取号:TM/113] | 在馆 |